[Event "EU-ch 19th"]
[Site "Batumi"]
[Date "2018.03.27"]
[Round "10"]
[White "Piorun, Kacper"]
[Black "Navara, David"]
[Result "0-1"]
[WhiteElo "2653"]
[BlackElo "2737"]
[Annotator "Ftacnik,L"]
[PlyCount "70"]
[EventDate "2018.03.17"]
[EventType "swiss"]
[EventRounds "11"]
[EventCountry "GEO"]
[SourceTitle "CBM 184"]
[Source "ChessBase"]
[SourceDate "2018.05.16"]
[SourceVersion "1"]
[SourceVersionDate "2018.05.16"]
[SourceQuality "1"]

1. e4 c5 2. Nf3 d6 3. d4 cxd4 4. Nxd4 Nf6 5. Nc3 a6 6. Bg5 Nbd7 {The modern
line against the terryfing 6.Bg5 move. Black is playing with pieces first in
order to reduce White's development advantage.} 7. Bc4 Qb6 8. Bb3 e6 9. Qd2 Be7
10. O-O-O Nc5 11. Qe2 {In a higher sense this queen move should not be the
best move, as White still needs to develop other pieces. Both 11.f3 and 11.
Rhe1 deserve attention, but White is worried about ...Nxe4 ideas at a suitable
moment.} (11. f3 Qc7 (11... Bd7 12. Kb1 Qc7 13. g4 b5 14. h4 (14. a3 Qb7 15.
Ba2 (15. Be3 Nxb3 16. Nxb3 a5 17. g5 Nh5 18. e5 d5 19. Bc5 b4 20. Ne4 bxa3 21.
Bxe7 Kxe7 $17 {0-1 (38) Ter Sahakyan,S (2575)-Miroshnichenko,E (2670) Dubai
2011}) 15... a5 16. Nd5 exd5 17. Bxf6 Bxf6 18. Bxd5 Qc8 19. Bxa8 Qxa8 20. Nf5
Bxf5 21. gxf5 (21. exf5 O-O 22. g5 Bxb2 23. Kxb2 Qxf3 24. Qxd6 Na4+ $15 {
1/2-1/2 (57) Vishnu,P (2536)-Van Delft,M (2393) London 2017}) 21... Be7 22.
Rhg1 g6 23. Qd4 $16 {1/2-1/2 (74) Ruiz Castillo,J (2368)-Sarana,A (2562) chess.
com INT 2018}) 14... b4 (14... Rb8 15. Nf5 exf5 16. Bxf6 Bxf6 17. Nd5 Qd8 18.
exf5 O-O 19. g5 Be5 20. f4 Nxb3 21. axb3 Bxf5 22. fxe5 $14 {1-0 (53) Ortiz
Suarez,I (2611)-Delgado Ramirez,N (2607) Praia da Pipa 2014}) 15. Nce2 a5 16.
Ng3 Rc8 17. Rhe1 h6 18. Bxf6 Bxf6 19. g5 hxg5 20. hxg5 Bxd4 21. Qxd4 e5 (21...
Rh3 22. Qxg7 Nxb3 23. cxb3 Qc2+ 24. Ka1 Rxg3 25. Qh8+ Ke7 26. Qf6+ Ke8 27. Qh8+
Ke7 28. Qf6+ Ke8 29. Qh8+ {1/2-1/2 (29) Papp,G (2594)-Ragger,M (2668)
Zalakaros 2015}) 22. Qd2 Rh3 23. Rg1 g6 24. Qxd6 Qxd6 25. Rxd6 Nxb3 26. axb3
Rh2 $11 {1/2-1/2 (39) Jakovenko,D (2746)-Sarana,A (2577) Batumi 2018}) (11...
O-O 12. h4 Qc7 13. Kb1 b5 14. g4 Bd7 15. a3 (15. Qe3 b4 16. Nce2 Nxb3 17. cxb3
a5 18. Ng3 a4 19. bxa4 Bxa4 20. b3 Be8 21. Rh2 $14 {0-1 (57) Movileanu,D (2191)
-Brunello,M (2345) Cosenza 2017}) 15... Nxb3 16. cxb3 b4 17. axb4 Rfb8 18. h5
h6 19. Bxh6 gxh6 20. Qxh6 Nh7 21. Nf5 Bf8 $17 {1-0 (34) Perunovic,M (2696)
-Kovacevic,A (2629) Belgrade 2014}) 12. g4 (12. Kb1 O-O 13. g4 b5 14. a3 Rb8 (
14... Nxb3 15. cxb3 Bb7 16. h4 Rac8 17. h5 Rfd8 18. Rc1 Qd7 19. Be3 Qe8 20. g5
Nd7 21. g6 $16 {1/2-1/2 (88) Hevia Alejano,C (2535)-Duda,J (2610) Havana 2015})
15. h4 Bd7 16. Bxf6 Bxf6 17. g5 Bd8 (17... Be7 18. h5 a5 19. g6 Bf6 20. h6 hxg6
21. Qh2 Rfe8 22. Nf5 exf5 23. hxg7 Bxg7 24. Qh7+ Kf8 25. Bxf7 Kxf7 26. Rdg1 Be6
$11 {1-0 (38) Salem,A (2567)-Zhou,J (2587) Tagaytay City 2013}) 18. h5 a5 19.
g6 Nxb3 20. Nxb3 fxg6 21. hxg6 h6 22. Nxa5 Rxf3 $11 {1/2-1/2 (30) Shirov,A 
(2723)-Dominguez Perez,L (2712) Wijk aan Zee 2010}) 12... b5 13. a3 (13. Bxf6
Bxf6 14. g5 Be7 15. h4 Bd7 16. Rde1 b4 17. Nd1 Nxb3+ 18. axb3 a5 19. Ne3 O-O
20. Qd3 Rfc8 $15 {1/2-1/2 (62) Sevian,S (2578)-Bok,B (2607) Wijk aan Zee 2016})
13... Bd7 14. Ba2 Rb8 15. b4 Nb7 16. Be3 Rc8 17. Kb2 O-O 18. h4 a5 19. g5 Nh5
20. Ncxb5 Qb8 21. Na7 $14 {1/2-1/2 (56) Swiercz,D (2654)-Bruzon Batista,L 
(2673) Saint Louis 2018}) (11. Rhe1 h6 (11... Qc7 12. Kb1 (12. f4 h6 13. Bh4 (
13. e5 dxe5 14. fxe5 Nh7 15. Bxe7 Qxe7 16. Nf5 exf5 17. Nd5 Qd7 18. Qa5 Nxb3+
19. axb3 O-O 20. Nc7 Qc6 21. Nxa8 $16 {1/2-1/2 (40) Solak,D (2622)-Amonatov,F 
(2592) Kocaeli 2015}) 13... O-O 14. e5 dxe5 15. fxe5 Nfe4 16. Rxe4 Nxe4 17.
Nxe4 Bxh4 18. Qf4 Be7 19. Rf1 Kh8 20. Qg3 f5 21. Nd6 f4 $17 {0-1 (36)
Savchenko,B (2602)-Grischuk,A (2785) Moscow 2013}) (12. Nf5 exf5 13. Bxf6 Bxf6
14. Nd5 Qd8 15. exf5+ Kf8 16. Nxf6 Qxf6 17. g4 h5 18. h3 g6 19. fxg6 Qxg6 20.
Qf4 Nxb3+ 21. axb3 Be6 22. Rxd6 Rc8 $11 {0-1 (38) Carlsson,P (2520)-Ganguly,S 
(2623) Dubai 2013}) 12... h6 (12... O-O 13. f4 h6 14. h4 $1 b5 15. e5 dxe5 16.
fxe5 Nh7 (16... Ng4 17. Qf4 $1 $40) 17. Bxe7 Qxe7 18. Ne4 $1 Bb7 (18... Nxb3
19. Nxb3 Qxh4 $11) 19. Nxc5 Qxc5 20. g4 Qe7 21. Qh2 Rfd8 22. g5 hxg5 23. hxg5
Qxg5 24. Rg1 $16 {1-0 (30) Rublevsky,S (2688) Vachier Lagrave,M (2711)/Warsaw/
2012/}) 13. Bh4 b5 (13... O-O 14. Bg3 b5 (14... Nh5 $6 15. Nf5 $1 Nxg3 (15...
exf5 $2 16. Nd5 Qd8 17. Nxe7+ Qxe7 18. Bxd6 Nxb3 19. axb3 Qd8 20. Bxf8 Qxf8 21.
Qa5 $16) 16. Nxe7+ Qxe7 17. hxg3 $14) 15. e5 dxe5 16. Bxe5 Qb6 $11) 14. Bd5 $6
(14. Bxf6 $1 Bxf6 15. Nf5 exf5 (15... Nb7 $5 16. Nxd6+ Qxd6 17. Qxd6 Nxd6 18.
e5 $1 Bh4 19. exd6 Bxf2 20. Re2 $14) 16. Nd5 Qd8 17. Nxf6+ Qxf6 18. e5 $1 dxe5
(18... Qd8 19. exd6+ Ne6 20. Bxe6 $1 Bxe6 (20... fxe6 21. Qd5 Ra7 22. Rxe6+
Bxe6 23. Qxe6+ Kf8 24. d7 g6 25. Qd6+ Kf7 26. Qd5+ Kg7 27. Qd4+ $18) 21. d7+
Ke7 22. g4 $1 fxg4 23. Qb4+ Kf6 24. Rd6) 19. Rxe5+ Be6 20. Rxc5) 14... Bb7 $6 (
14... Rb8 15. Bc6+ Bd7 (15... Kf8 $6 16. a3 (16. e5 dxe5 17. Bg3 $1 Ncd7 $1)
16... b4 $2 17. axb4 Rxb4 18. Bxf6 Bxf6 19. Nd5 $16) 16. Bxd7+ Ncxd7 $1 (16...
Qxd7 17. Nb3 Nxb3 18. axb3 Rd8 19. f4 $14) 17. f4 b4 18. Na4 O-O $11) 15. Bxb7
Qxb7 (15... Nxb7 16. f4 O-O (16... Nxe4 $6 17. Rxe4 Bxh4 18. Nd5 $18) 17. e5
Ne4 $8 18. Rxe4 Bxh4 19. Nf3 Be7 20. f5 $1 exf5 21. Nd5 $16) 16. Bxf6 $1 gxf6 (
16... Bxf6 17. Nf5 $1 exf5 18. exf5+ Kf8 19. Qxd6+ Be7 20. Qe5 Re8 21. Nd5 Nd7
22. Qe4 $16) 17. Qe3 O-O-O 18. Nb3 (18. Nd5 exd5 19. exd5 Rd7 20. Nc6 Bd8 21.
Qg3 $1 $16) 18... Nd7 (18... Nxb3 19. axb3 Kb8 20. f4) (18... Kb8 19. Nxc5 dxc5
20. Rxd8+ Rxd8 21. Qxh6 $16) 19. a4 $1 b4 20. Na2 Ne5 21. Qe2 $1 {1-0 (50)
Vachier Lagrave,M (2719)-Dominguez Perez,L (2757) Tromsoe 2013. Now Black's
knight is repelled and I get the opportunity to attack all of Black's
weaknesses: a6, b4, e6 and f7 are potentially in trouble!}) (11... O-O 12. f4
h6 13. h4 a5 14. e5 dxe5 15. fxe5 hxg5 16. exf6 Bxf6 17. hxg5 Bxd4 18. Qxd4
Nxb3+ 19. axb3 Qxd4 20. Rxd4 Kh7 21. Re5 $14 {1-0 (53) Andreikin,D (2720)-Zhou,
J (2606) Baku 2015}) 12. Bxf6 (12. Bh4 O-O (12... Qc7 13. Bg3 O-O 14. e5 dxe5
15. Bxe5 Qb6 16. Kb1 Bd7 17. Qf4 a5 18. a4 Qb4 19. g4 Bxa4 20. g5 Nh5 21. Qf3
g6 22. Nxa4 $16 {1-0 (30) Dominguez Perez,L (2739)-Gulamali,K (2341) chess.com
INT 2017}) 13. g3 (13. Qe3 Qc7 14. g4 Nfxe4 15. Bxe7 Nxc3 16. bxc3 Qxe7 17. Nf5
Qc7 18. Nxd6 Rd8 19. Qd4 b6 20. Nb5 Qd7 21. Qe5 Qe7 22. Rxd8+ Qxd8 $15 {
1/2-1/2 (68) Mista,A (2588)-Navara,D (2737) Czech Republic 2017}) 13... Qc7 14.
f4 b5 15. e5 dxe5 16. fxe5 Nh7 (16... Ne8 17. Bxe7 Qxe7 18. Ne4 Nxe4 19. Rxe4
Bb7 20. Rg4 Kh8 21. Rf1 Rd8 22. c3 Bd5 23. Bc2 $11 {1/2-1/2 (35) Diu,V (2475)
-Lastin,A (2617) Taganrog 2011}) 17. Bxe7 Qxe7 18. Nc6 Qc7 19. Qd6 Qxd6 20.
Rxd6 Bb7 21. Ne4 Nxe4 22. Rxe4 Rfe8 23. Re3 $11 {0-1 (51) Dominguez Perez,L 
(2739)-Wojtaszek,R (2749) Doha 2016}) 12... Bxf6 13. f4 Bd7 14. Kb1 O-O-O 15.
e5 dxe5 16. fxe5 Bg5 17. Qf2 Rhf8 18. h4 Be7 19. Ne4 Nxe4 20. Rxe4 f5 21. Re2
Be8 $11 {0-1 (46) Ginsburg,G (2443)-Smeets,J (2605) Germany 2018}) 11... h6 {
Strictly speaking this move is not necessary as Black can try for counterplay
without it.} (11... Qc7 12. f4 b5 13. e5 dxe5 14. fxe5 Nd5 15. Bxe7 Nxe7 16.
Ne4 Nxe4 17. Qxe4 Rb8 (17... Qb7 18. Qg4 O-O 19. h4 Qb8 20. Rde1 Qb6 21. h5 Nf5
22. Rd1 $14 {1-0 (56) Atabayev,Y (2455)-Chen,F (2326) Chengdu 2017}) 18. h4 Bd7
19. h5 h6 20. Rh3 a5 21. a3 Qb6 22. c3 b4 $14 {0-1 (36) Nijboer,F (2550)
-Gelfand,B (2720) Novi Sad 2016}) 12. Bh4 Qc7 (12... Qa5 13. Kb1 Nxb3 14. axb3
Qh5 15. Nf3 b5 16. Bxf6 gxf6 17. Rhe1 Rg8 18. Rd3 Bb7 19. Nd5 Bd8 20. Nf4 Qc5
21. Nd4 $14 {1-0 (37) Duda,J (2675)-Djukic,N (2534) Baku 2016}) 13. f4 O-O 14.
e5 dxe5 15. fxe5 Nh7 {In the true critical position of the opening Navara is
ready for compromises. The knight on h7 is not a great hero, it might have
been objectively better to play in the centre.} (15... Nxb3+ 16. Nxb3 Nd5 17.
Nxd5 exd5 18. Bxe7 Qxe7 19. Rxd5 Be6 20. Rd6 $14) 16. Bxe7 Qxe7 17. Ne4 b5 (
17... Nxe4 18. Qxe4 Rd8 19. h4 $14) 18. Nxc5 $2 {[%mdl 4] Piorun has made
great progress in strength in last few years, but in confrontation with a
strong opponent he finds it hard to stay objective. The knight from e4 would
have been very strong on the d6-square reaching many sensitive objects.} (18.
Nd6 $1 Bb7 19. h4 Rad8 20. Qg4 $16) 18... Qxc5 19. h4 (19. c3 Bb7 20. Bc2 Rfd8
21. Rhf1 $11) 19... Rd8 20. c3 Bb7 (20... b4 21. Qe4 Rb8 22. Bc2 Nf8 23. Nb3
Rxd1+ 24. Rxd1 Qe7 (24... Qc7 25. cxb4) 25. Na5 Bd7 26. c4 $11) 21. Rh3 $6 {
The advance of the black b-pawn was so strong, that it was necessary to slow
it down with 21.a3.} (21. a3 Nf8 22. Bc2 $11) 21... b4 $1 22. Bc2 (22. g4 bxc3
23. bxc3 a5 $17) 22... Rac8 23. g4 (23. Rhd3 Bd5 $1 (23... bxc3 $2 24. Nxe6 $1
cxb2+ 25. Kb1 $16) 24. cxb4 Qxb4 $15) 23... Qa5 $5 (23... Nf8 24. g5 h5 25.
Qxh5 bxc3 26. bxc3 Qxe5 $17) 24. cxb4 (24. Rhd3 Rd5 $17) 24... Qxa2 25. Nb3 $2
{The art of defence is very elusive, just making the "least bad" move
represents a concept that is very hard for many players.} (25. Ra3 Qc4 $17)
25... Bd5 $1 26. Rc3 (26. Nd2 Qa4 27. Nb1 Nf8 $17) 26... Rxc3 27. bxc3 Qa3+ 28.
Kb1 Rc8 29. Bxh7+ {The desperate situation is calling for extreme meassures.
White's position is beyond salvation...} (29. Rxd5 exd5 30. e6 Nf6 31. exf7+
Kf8 32. Qe6 Rxc3 $19) 29... Kxh7 30. Qc2+ Kg8 31. Nc5 a5 $1 32. Rxd5 (32. Qb2
axb4 33. Qxa3 (33. cxb4 Qf3 $19) 33... bxa3 34. Na4 Bb3 35. Rd4 g5 $19) 32...
exd5 33. e6 fxe6 34. Qg6 (34. Qb2 axb4 $19) 34... Rf8 $1 {The rook is killing
the counterplay and aiming for f1.} 35. Qxe6+ (35. Nxe6 Qb3+ $19) 35... Kh8 0-1

[Event "EU-ch 15th"]
[Site "Yerevan"]
[Date "2014.03.04"]
[Round "2"]
[White "Kovalev, Vladislav"]
[Black "Sutovsky, Emil"]
[Result "1-0"]
[WhiteElo "2548"]
[BlackElo "2652"]
[Annotator "Ftacnik,L"]
[PlyCount "57"]
[EventDate "2014.03.03"]
[EventType "swiss"]
[EventRounds "11"]
[EventCountry "ARM"]
[SourceTitle "CBM 160"]
[Source "ChessBase"]
[SourceDate "2014.05.15"]
[SourceVersion "1"]
[SourceVersionDate "2014.05.15"]
[SourceQuality "1"]

1. e4 c5 2. Nf3 d6 3. d4 cxd4 4. Nxd4 Nf6 5. Nc3 a6 6. Bg5 Nbd7 {The sharpest
line of current opening theory is in recent times often met with the immediate
move 6...Nbd7.} 7. Bc4 Qa5 8. Qd2 h6 9. Bh4 e6 10. O-O-O Be7 {By pushing the
white bishop to h4 Black can start dreaming about tactics with ...Nxe4. In
real life the defender must tread very carefully, since the White's advantage
in development can not be neutralised any time soon.} (10... b5 11. Bb3 Bb7 12.
Rhe1 Be7 13. Kb1 (13. f4 Nc5 14. Nf5 exf5 15. exf5 Nxb3+ 16. axb3 Qc7 17. Bxf6
gxf6 18. Qe2 d5 19. Nxd5 Bxd5 20. Rxd5 Rd8 $15 {0-1 (40) Szilagyi,P-Bogdanovic,
R Pecs 1964}) 13... Nc5 14. e5 dxe5 15. Rxe5 b4 16. Qe2 bxc3 17. Nxe6 fxe6 18.
Bxf6 Bxf6 19. Qh5+ Ke7 20. Rxe6+ Nxe6 21. Qxa5 $18 {1-0 (32) Djurovic,
D-Bogdanovic,R Novi Sad 1965}) 11. Kb1 (11. Rhe1 Ne5 (11... O-O 12. Kb1 Qc7 13.
Bxe6 fxe6 14. Nxe6 Qb6 15. Nxf8 Nxf8 16. f4 Nxe4 17. Rxe4 Bxh4 18. Qd5+ Kh8 19.
Re8 Be6 20. Qxe6 $18 {1-0 (24) Rubinetti,J-Garcia,H Buenos Aires 1965}) 12. Bb3
g5 (12... Ng6 13. Bg3 Nh5 14. Kb1 Nxg3 15. hxg3 Bd7 16. f4 O-O 17. f5 exf5 18.
exf5 Bxf5 19. Rxe7 Bxc2+ 20. Nxc2 Nxe7 21. Nd5 $14 {1-0 (44) Cesnauskas,
A-Heuer,V Novgorod 1961}) 13. Bg3 Bd7 14. f4 gxf4 15. Bxf4 O-O-O 16. Kb1 Kb8
17. h3 h5 18. Nf3 Bc6 19. Nd5 Qxd2 20. Rxd2 Nxf3 21. gxf3 Bxd5 22. exd5 e5 23.
Bh2 Nh7 24. f4 Bh4 $11 {0-1 (70) Henseler,J (2075)-Gabuzyan,H (2537) Yerevan
2014}) 11... Nc5 12. Rhe1 Qc7 (12... O-O $6 13. Nd5 $1 $18) 13. Bg3 e5 $6 {
Sutovsky is showing signs of nervosity under the pressure of the white pieces
against his centre. A much more promising line was to castle, leaving him with
only a slight disadvantage.} (13... O-O $5 14. e5 dxe5 15. Bxe5 Qb6 16. Be2 $14
) 14. Nf5 Bxf5 {Combinations with the help of blows against the e4-square are
not feasible for Black since he is seriously behind in development. In the
shoot out between the pieces White would simply have more firepower to hand.} (
14... Ncxe4 15. Nxg7+ Kf8 16. Nxe4 Qxc4 (16... Nxe4 17. Rxe4 Kxg7 18. Qe2 $16)
(16... Kxg7 17. Nxd6 Rd8 18. Bxe5 Rxd6 19. Qf4 $1 Rxd1+ 20. Rxd1 Qc5 21. Rd6
Bf5 22. Qxf5 Qxc4 23. b3 $18) 17. Nxd6 Bxd6 18. Qxd6+ Kxg7 19. b3 Qe6 (19...
Qb5 20. Bxe5 Be6 21. Qd4 $18) 20. Bxe5 Qxd6 21. Rxd6 Be6 22. Rd3 $16) 15. exf5
O-O 16. f4 e4 $2 {The decisive strategical mistake, since both of White's
bishops will be playing to their maximum.} (16... Ncd7 17. Nd5 Nxd5 18. Bxd5
Rac8 19. Bb3 $14) 17. Nd5 Nxd5 (17... Qd8 18. Nxe7+ Qxe7 19. Bh4 Rad8 20. Bd5
Rfe8 21. Re3 $16) 18. Bxd5 Bf6 19. Bf2 Rac8 20. Bd4 $1 {The swap of
dark-squared bishops deserves praise. Kovalov will have managed to remove from
the board the only opposing piece which is really in the game.} Bxd4 (20... Qd8
21. Bxe4 Bxd4 22. Qxd4 Nxe4 23. Rxe4 $16) 21. Qxd4 Rfe8 22. c3 {White has
build up such a good position, that he could already choose between several
promising plans. It would also have been very dangerous to attack with the
help of advancing the g-pawn.} (22. g4 $5 b5 23. g5 $16) 22... b5 (22... Qd7
23. g4 Qb5 24. g5 Nd3 25. c4 Qc5 26. Qxc5 Nxc5 27. g6 $16) 23. Re3 $1 Kf8 $2 {
The defender has decided to step away with the king towards the centre. The
modest retreat to the h7-square was uch more promising. Black would have
suffered all right, but that does not mean he would be losing right away.} (
23... Kh7 24. f6 g6 25. h4 Ne6 26. Qxe4 Ng7 27. Qf3 Nh5 28. Rxe8 Rxe8 29. f5
Nxf6 30. fxg6+ Kxg6 31. Bb7 $16) (23... Qd7 $2 24. Rg3 $18) 24. f6 g6 (24...
gxf6 25. Qxf6 b4 26. cxb4 Ne6 27. Bxe4 $18) 25. Rh3 $1 h5 (25... Kg8 26. Rxh6
Ne6 27. Qe3 $18) 26. g4 {[%mdl 128] Kovalev might have felt like the
proverbial child in a sweetshop, since any sensible attacking continuation had
a sweet taste. The closing combination emphasises the might of the bishop on
the d5-square.} (26. f5 Re5 (26... Nd7 27. Bxf7 Kxf7 28. fxg6+ Kxg6 29. Rg3+
Kf7 30. Qd5+ Kxf6 31. Rf1+ $18) 27. Qe3 Rxf5 28. Qh6+ Ke8 29. Qh8+ Kd7 30. Qg7
Rd8 31. Qxf7+ Kc8 32. Qxg6 $18) 26... Ne6 (26... Qd7 27. f5 Re5 28. Qe3 Ke8 29.
fxg6 fxg6 30. gxh5 $18) 27. gxh5 $1 {With every move white pretends to offer
some form of sacrifice, but the defender can not really afford to accept any
of the dubious gifts.} Nxf4 (27... Nxd4 28. hxg6 Kg8 29. g7 $18) 28. hxg6 Nxg6
(28... Nxh3 29. Qe3 Re6 30. g7+ Kg8 31. Qxh3 $18) 29. Qg1 $1 {An impressive
attacking move in the form of move backwards. White has several terminal
threats, one of them is 30.Rh8+!} (29. Qg1 $1 Re5 30. Qxg6 $18) 1-0